000 00541nam a2200181Ia 4500
003 IEPS
005 20250703135332.0
008 250223s9999||||xx |||||||||||||| ||und||
020 _a9957112406
040 _CIEPS
041 _aara
082 _a344.04
100 _aالاحمد محمد سليمان
245 0 _aالمسؤولية عن الخطأ التنظيمي في إدارة المنافساتلاالرياضية
260 _aالأردن
_bدار وائل للنشر
_c2002
300 _a341 ص.
_c24 سم.
942 _cكتاب
999 _c14020
_d14020